Tamīm ibn Baḥr's journey to the Uyghurs

Elmentve itt :
Bibliográfiai részletek
Szerző: Minorsky Vladimir
További közreműködők: Tamīm b. Baḥr al-Muṭṭawwi`
Dokumentumtípus: Cikk
Megjelent: 1948
Sorozat:Bulletin of the School of Oriental Studies;Bulletin of the School of Oriental and African Studies
Kulcsszavak:Ujgurok - arab forrás - 9. sz.
Tárgyszavak:
Online Access:http://misc.bibl.u-szeged.hu/61891
LEADER 00919nab a2200253 i 4500
001 misc61891
005 20221021093533.0
008 220804s1948 hu o 0|| eng d
040 |a SZTE Miscellanea Repozitórium  |b hun 
041 |a eng 
041 |a ara 
100 1 |a Minorsky Vladimir 
245 1 0 |a Tamīm ibn Baḥr's journey to the Uyghurs  |h [elektronikus dokumentum] /  |c  Minorsky Vladimir 
260 |c 1948 
300 |a 275-305  |c 25 cm 
300 |a [31] p.  |c 25 cm 
490 0 |a Bulletin of the School of Oriental Studies;Bulletin of the School of Oriental and African Studies 
561 |a Németh Gyula hagyaték 
591 |a LOA 2443; NOA 3743 
650 4 |a Bölcsészettudományok 
650 4 |a Történettudomány és régészet 
695 |a Ujgurok - arab forrás - 9. sz. 
700 0 1 |a Tamīm b. Baḥr al-Muṭṭawwi` 
856 4 0 |u http://misc.bibl.u-szeged.hu/61891/1/3743_noa_m69.pdf  |z Dokumentum-elérés